Konstruktive Provokation : Neues Bauen in Vorarlberg /
Salvato in:
| Altri autori: | |
|---|---|
| Natura: | Libro |
| Lingua: | tedesco |
| Pubblicazione: |
Salzburg :
Vorarlberger Architekturinstitut,
2003
|
| Edizione: | 1. vydanie |
| Soggetti: | |
| Tags: |
Nessun Tag, puoi essere il primo ad aggiungerne!!
|
MARC
| LEADER | 00000nam a22000003a 4500 | ||
|---|---|---|---|
| 001 | 0064900 | ||
| 003 | SK-STU | ||
| 005 | 20190326135829.0 | ||
| 007 | ta | ||
| 008 | 180507s ----xo-----e------000-0-----d | ||
| 020 | |a 3-7025-0474-5 | ||
| 040 | |a STU |b slo | ||
| 041 | 0 | |a ger | |
| 044 | |a gw | ||
| 100 | 1 | |a Kapfinger, Otto |4 edt | |
| 245 | 1 | 0 | |a Konstruktive Provokation : |b Neues Bauen in Vorarlberg / |c ed. Otto Kapfinger |
| 250 | |a 1. vydanie | ||
| 260 | |a Salzburg : |b Vorarlberger Architekturinstitut, |c 2003 | ||
| 300 | |a 128 s. | ||
| 650 | 0 | 7 | |a občianske budovy |
| 650 | 0 | 7 | |a súčasná architektúra |
| 650 | 0 | 7 | |a umelecká fotografia |
| 650 | 0 | 7 | |a Fotografia čiernobiela |
| 996 | |b 284AU07406 |c A* 10656/U |l AAKNST |s P |a 0 |w 0064900_0001 | ||